| 000 | 00557nam a2200193 a 4500 | ||
|---|---|---|---|
| 005 | 20240215063834.0 | ||
| 008 | 021122s2000 mx r 000 0 spa d | ||
| 020 | _a9706860207 | ||
| 035 | _aUPN01000121096 | ||
| 049 | _aCG | ||
| 050 | 4 |
_aHD31 _bD8.48 2000 |
|
| 100 | 1 | _aDuBrin, Andrew J. | |
| 245 | 1 | 0 |
_aFundamentos de administración / _cAndrew J. DuBrin ; tr. Pilar Mascaró Sacristán. |
| 250 | _a5a ed. | ||
| 260 |
_aMéxico : _bInternational Thomson, _cc2000. |
||
| 300 |
_axviii, 472 p. : _bil. |
||
| 650 | 4 |
_aAdministración _928 |
|
| 905 | _aLibro | ||
| 999 |
_c93396 _d93396 |
||